000
00296nam a2200109Ia 4500
008
220214s9999 xx 000 0 und d
100
_a
Sekhar PS
245
0
_a
Use of insecticides in coffee plantataion-Problems, present and future
260
_b
Indian Coffee
_c
1961
300
_a
230
942
_c
RE
999
_c
46231
_d
46231